COMPAQ fingerprint identification technology : user's guide (Record no. 7547)
[ view plain ]
| 000 -LEADER | |
|---|---|
| fixed length control field | 00430 a2200133 4500 |
| 040 ## - CATALOGING SOURCE | |
| Original cataloging agency | DLC |
| 082 ## - DEWEY DECIMAL CLASSIFICATION NUMBER | |
| Classification number | 364.125 |
| 245 ## - TITLE STATEMENT | |
| Title | COMPAQ fingerprint identification technology : user's guide |
| Statement of responsibility, etc. | Compaq computer corporation. |
| 260 ## - PUBLICATION, DISTRIBUTION, ETC. | |
| Place of publication, distribution, etc. | U.S.A. : |
| Name of publisher, distributor, etc. | Compaq Computer Corporation, |
| Date of publication, distribution, etc. | c1998. |
| 300 ## - PHYSICAL DESCRIPTION | |
| Extent | various pagings : |
| Other physical details | ill. ; |
| Dimensions | 24 cm. |
| 650 ## - SUBJECT ADDED ENTRY--TOPICAL TERM | |
| Topical term or geographic name entry element | Finger prints. |
| 700 ## - ADDED ENTRY--PERSONAL NAME | |
| Personal name | Compaq computer corporation. |
| 942 ## - ADDED ENTRY ELEMENTS (KOHA) | |
| Koha item type | Book |
| Call number prefix | 364.125 COM |
| Source of classification or shelving scheme | |
| Withdrawn status | Lost status | Damaged status | Not for loan | Collection code | Permanent Location | Current Location | Shelving location | Date acquired | Full call number | Barcode | Date last seen | Price effective from | Koha item type |
|---|---|---|---|---|---|---|---|---|---|---|---|---|---|
| NUST Law School (NLS) | NUST Law School (NLS) | General Stacks | 05/19/2014 | 364.125 COM | SEECSD00282 | 11/14/2012 | 01/05/2017 | Book |
